000 00606nam a2200181Ia 4500
003 GCL
008 140319s9999 xx 000 0 ara d
040 _aGCL /
_cGCL
082 0 4 _a785.092
_bد ب
100 1 _aدار الراتب الجامعية
245 1 0 _aبيرليوز: هكتور برليوز /
_cدار الراتب الجامعية
260 _aبيروت :
_bدار الراتب الجامعية ،
_c1993
300 _a58 ص ؛
_c16 سم
490 _aعالم الموسيقيين
_v0
650 0 4 _aالتراجم
650 0 4 _aالموسيقيون الفرنسيون
942 _2ddc
_cBK
999 _c46427
_d46427